Burger's medicinal chemistry, drug discovery and development (volume) 1. Methods in drug discovery (Record no. 17332)

MARC details
000 -LEADER
fixed length control field 01156nam a2200457 a 4500
000 - LEADER
fixed length control field BKB
001 - CONTROL NUMBER
control field 154826
005 - DATE AND TIME OF LATEST TRANSACTION
control field 20200902161339.0
008 - FIXED-LENGTH DATA ELEMENTS--GENERAL INFORMATION
fixed length control field 170426 ### HIN
010 ## - LIBRARY OF CONGRESS CONTROL NUMBER
LC control number
020 ## - INTERNATIONAL STANDARD BOOK NUMBER
International Standard Book Number 9780470770023
082 ## - DEWEY DECIMAL CLASSIFICATION NUMBER
Classification number 615.19
Item number A82B
100 ## - MAIN ENTRY--PERSONAL NAME
Personal name Burger's medicinal chemistry, drug discovery and development (volume) 1. Methods in drug discovery
110 ## - MAIN ENTRY--CORPORATE NAME
Corporate name or jurisdiction name as entry element
245 ## - TITLE STATEMENT
Title Burger's medicinal chemistry, drug discovery and development (volume) 1. Methods in drug discovery
Statement of responsibility, etc edited by Donald J. Abraham and David P. Rotella
250 ## - EDITION STATEMENT
Edition statement 7th ed.
260 ## - PUBLICATION, DISTRIBUTION, ETC. (IMPRINT)
Place of publication, distribution, etc Hoboken, New Jersey
Name of publisher, distributor, etc John Wiley & Sons
Date of publication, distribution, etc 2010
300 ## - PHYSICAL DESCRIPTION
Extent 628p.
490 ## - SERIES STATEMENT
Series statement
Volume number/sequential designation
500 ## - GENERAL NOTE
General note
600 ## - SUBJECT ADDED ENTRY--PERSONAL NAME
Personal name
610 ## - SUBJECT ADDED ENTRY--CORPORATE NAME
Corporate name or jurisdiction name as entry element
611 ## - SUBJECT ADDED ENTRY--MEETING NAME
Meeting name or jurisdiction name as entry element
630 ## - SUBJECT ADDED ENTRY--UNIFORM TITLE
Uniform title
650 ## - SUBJECT ADDED ENTRY--TOPICAL TERM
Topical term or geographic name as entry element
651 ## - SUBJECT ADDED ENTRY--GEOGRAPHIC NAME
Geographic name
654 ## - SUBJECT ADDED ENTRY--FACETED TOPICAL TERM
Focus term
690 ## - LOCAL SUBJECT ADDED ENTRY--TOPICAL TERM (OCLC, RLIN)
Topical term or geographic name as entry element Pharmaceutical chemistry; Drug development
700 ## - ADDED ENTRY--PERSONAL NAME
Personal name Abraham, Donald J.,ed.
Numeration
Titles and other words associated with a name
700 ## - ADDED ENTRY--PERSONAL NAME
Personal name Rotella, David P. ed.
Numeration
Titles and other words associated with a name
710 ## - ADDED ENTRY--CORPORATE NAME
Corporate name or jurisdiction name as entry element
Subordinate unit
Location of meeting
711 ## - ADDED ENTRY--MEETING NAME
Meeting name or jurisdiction name as entry element
720 ## - ADDED ENTRY--UNCONTROLLED NAME
Name
730 ## - ADDED ENTRY--UNIFORM TITLE
Uniform title
740 ## - ADDED ENTRY--UNCONTROLLED RELATED/ANALYTICAL TITLE
Uncontrolled related/analytical title
752 ## - ADDED ENTRY--HIERARCHICAL PLACE NAME
Country or larger entity
856 ## - ELECTRONIC LOCATION AND ACCESS
Path
Electronic name
904 ## - LOCAL DATA ELEMENT D, LDD (RLIN)
a
964 ## -
--
--
--
--
--
--
--
965 ## -
--
Holdings
Withdrawn status Lost status Damaged status Not for loan Home library Current library Date acquired Total Checkouts Full call number Barcode Date last seen Price effective from Koha item type
        Central University Of Rajasthan Central University Of Rajasthan 26/04/2017   615.19 A82B 12430 21/11/2024 02/09/2020 Reference